Представление документа в формате RUSMARC

ПолеНазваниеЗначение
  Тип записи a
  Библиографический уровень m
001 Контрольный номер RU/SLIB/B/208733787
005 Дата корректировки 20201206204031.5
010 Индекс ISBN __
d Цена 1-20
101 Язык документа __
a Язык текста rus
200 Заглавие и сведения об ответственности __
a Заглавие Конституция (Основной закон) Союза Советских Социалистических Республик. Конституции (Основные законы) союзных Социалистических республик
b Общее обозначение материала Текст
210 Выходные данные __
a Место издания М.
c Издательство [б. и.]
d Дата издания 1985
215 Физическое описание __
a Объем 744 с.
606 Тематические рубрики __
a Основная рубрика Право
y Географическая подрубрика СССР
606 Тематические рубрики __
a Основная рубрика Конституции и документы конституционного значения. Органы конституционного контроля
610 Ключевые слова __
a Ключевые слова конституции
686 Индексы других классификаций __
a Классификационный индекс 67.400.11-1(2)
801 Источник записи _0
a Страна RU
b Организация Муниципальное бюджетное учреждение культуры "Централизованная библиотечная система" г. Сургут (Центральная городская библиотека им. А. С. Пушкина)
g Правила каталогизации КиК/Михайлова
801 Источник записи _1
a Страна RU
b Организация Муниципальное бюджетное учреждение культуры "Централизованная библиотечная система" г. Сургут (Центральная городская библиотека им. А. С. Пушкина)
g Правила каталогизации КиК/Михайлова
852 Данные о местонахождении __
j Шифр хранения 67.400.11-1(2)
c Каталожный индекс 67.400.1(2)-3
i Авторский знак К 65
p Инвентарный номер 23963; 27277(п)
901 Тип документа __
t Тип документа m
990 Данные о заказе (DOS) __
j Количество экземпляров (DOS) 2